00665nam a22001937a 450000500170000001000150001702000260003203500140005803700090007208200080008110000400008924500680012926000680019727001220026530000550038765000230044270000030046570000030046820240905112620.0 aHIN-128356 a9789385689390c995.00 aHN-100702 bDBAD aउ aप्रकाश, शक्ति aशाह की जीत/cशक्ति प्रकाश bयश पब्लिकेशंसc2018aदिल्ली a1/10753, गली न. 3 सुभाष पार्क नवीन शाहदराbदिल्लीe110032 a292 पृ. c21 सेमी (अजिल्द) aहिन्दी